طاغور / (رقم التسجيلة. 94863)

تفاصيل مارك
000 -LEADER
fixed length control field 00616nam a22002057a 4500
005 - DATE AND TIME OF LATEST TRANSACTION
control field 20251108173040.0
008 - FIXED-LENGTH DATA ELEMENTS--GENERAL INFORMATION
fixed length control field 250721s1988 xx 000 0 ara d
082 14 - DEWEY DECIMAL CLASSIFICATION NUMBER
Classification number ط/928.91/محا
100 1# - MAIN ENTRY--PERSONAL NAME
Personal name المحامي، محمد كامل
245 10 - TITLE STATEMENT
Title طاغور /
264 1# - PRODUCTION, PUBLICATION, DISTRIBUTION, MANUFACTURE, AND COPYRIGHT NOTICE
Place of production, publication, distribution, manufacture بيروت :
Name of producer, publisher, distributor, manufacturer منشورات المكتب العالمي للطباعة و النشر،
Date of production, publication, distribution, manufacture, or copyright notice 1988.
300 ## - PHYSICAL DESCRIPTION
Extent 113ص
490 0# - SERIES STATEMENT
Series statement عباقرة خالدون
650 17 - SUBJECT ADDED ENTRY--TOPICAL TERM
Topical term or geographic name as entry element الأدباء
650 17 - SUBJECT ADDED ENTRY--TOPICAL TERM
Topical term or geographic name as entry element الهنود
650 17 - SUBJECT ADDED ENTRY--TOPICAL TERM
Topical term or geographic name as entry element التراجم
653 ## - INDEX TERM--UNCONTROLLED
Uncontrolled term ناشاون صغار (10-14)سنه
942 ## - ADDED ENTRY ELEMENTS (KOHA)
Source of classification or shelving scheme Dewey Decimal Classification
Koha item type كتب
المقتنيات
حالة السحب حالة الفقدان مصدر التصنيف حالة التلف غير قابل للإعارة المكتبة الرئيسية المكتبة الحالية موقع الرف تاريخ التزويد الرقم المتسلسل Total Checkouts رقم الإستدعاء الباركود تاريخ آخر ظهور تاريخ الفاتورة نوع المادة (كوها)
    Dewey Decimal Classification   Not For Loan المكتبة المركزية المكتبة المركزية مقتنيات قسم التزويد 28/07/2025 848044   ط/928.91/محا 848044 28/07/2025 28/07/2025 كتب
    Dewey Decimal Classification   Not For Loan المكتبة المركزية المكتبة المركزية مقتنيات قسم التزويد 28/07/2025 848045   ط/928.91/محا 848045 28/07/2025 28/07/2025 كتب
    Dewey Decimal Classification     مكتبة الحسن العامة مكتبة الحسن العامة الأطفال 18/08/2018 04615   ط/928.91/محا PLD00428346 28/07/2025 18/08/2018 كتب
    Dewey Decimal Classification     مكتبةمؤتة مكتبةمؤتة الأطفال 19/06/2014 ( 465 )   ط/928.91/محا PLD00329218 28/07/2025 19/06/2014 كتب
Implemented & Customized by: BBB with SCIT (Smart Chains for Information Technology)

Powered by Koha